Countries of the Global Sumud Filotilla - Statistics

General Stats
  • This quiz has been taken 4 times
  • The average score is 42 of 51
Answers on the Map
Answers color-coded by a green-red scale on the quiz's map according to % correct below.
 
Answer Stats
Answer % Correct
Algeria
100%
Argentina
100%
Australia
100%
Austria
100%
Brazil
100%
Canada
100%
Chile
100%
Colombia
100%
Finland
100%
France
100%
Germany
100%
Greece
100%
India
100%
Indonesia
100%
Ireland
100%
Italy
100%
Libya
100%
Mexico
100%
New Zealand
100%
Norway
100%
Pakistan
100%
Peru
100%
Poland
100%
South Africa
100%
Spain
100%
Sweden
100%
Thailand
100%
Tunisia
100%
Türkiye
100%
United Kingdom
100%
United States
100%
Bahrain
67%
Belgium
67%
Jordan
67%
Kuwait
67%
Lebanon
67%
Luxembourg
67%
Malaysia
67%
Morocco
67%
Netherlands
67%
Oman
67%
Qatar
67%
Saudi Arabia
67%
Switzerland
67%
Uruguay
67%
Bangladesh
33%
Cyprus
33%
Maldives
33%
Mauritania
33%
Philippines
33%
Sri Lanka
33%
No matching quizzes found
Score Distribution
Percent of People with Each Score
Percentile by Number Answered
Your Score History
You have not taken this quiz